000 00249nam a2200097Ia 4500
001 1040476
005 20250826232023.0
008 250824s9999 xx 000 0 und d
245 0 _aACAR SÜVARİ TUTUK ARBALET
_cALİ EMRE
260 _bKETEBE YAYINLARI
999 _c1040476
_d1040476